| 000 | 00494nam a2200217Ia 4500 | ||
|---|---|---|---|
| 999 |
_c4659 _d4659 |
||
| 003 | 0100 | ||
| 008 | 130227s9999 xx 000 0 und d | ||
| 020 | _a0394730380 | ||
| 040 | _cARRUPELIB | ||
| 050 | _aGV494.R56 | ||
| 100 |
_aRohe, Fred _938669 |
||
| 245 | 4 | _aThe Zen of running / | |
| 260 |
_aNew York _bRandom House |
||
| 300 | _ano pagination | ||
| 300 | _b 28cm | ||
| 650 |
_aJogging _938631 |
||
| 700 |
_aAnderson, Dennis (photos) _938670 |
||
| 942 |
_2lcc _cMONOGRAPH |
||